Business: A Changing World. (Record no. 1197)

MARC details
005 - DATE AND TIME OF LATEST TRANSACTION
control field 20250627152716.0
020 ## - INTERNATIONAL STANDARD BOOK NUMBER
International Standard Book Number 978-0-07-351172-6
082 ## - DEWEY DECIMAL CLASSIFICATION NUMBER
Classification number 650 FER
100 ## - MAIN ENTRY--PERSONAL NAME
Author name FERRELL, O. C.
245 ## - TITLE STATEMENT
Title Business: A Changing World.
250 ## - EDITION STATEMENT
Edition statement 7th Ed
260 ## - PUBLICATION, DISTRIBUTION, ETC.
Place of publication, distribution, etc. New York,
Name of publisher, distributor, etc. Mcgraw- Hill Irwin,
Date of publication, distribution, etc. 2009.
300 ## - PHYSICAL DESCRIPTION
Extent xxxiv,588p.: Ill.; figures & tables.
Other physical details Index
Dimensions 25cm
700 ## - ADDED ENTRY--PERSONAL NAME
Other authors/Editors HIRT, G. A. & FERRELL, O. C.
856 ## - ELECTRONIC LOCATION AND ACCESS
Link text Access Online Book.
Electronic name Business
Path www.mhhe.com
942 ## - ADDED ENTRY ELEMENTS (KOHA)
Source of classification or shelving scheme Dewey Decimal Classification
Koha item type Books
Holdings
Date last seen Total checkouts Full call number Barcode Cost, replacement price Price effective from Koha item type Lost status Source of classification or shelving scheme Damaged status Not for loan Withdrawn status Home library Current library Shelving location Date acquired Cost, normal purchase price
04/08/2025   650 FER 0000004690 320625.00 04/08/2025 Books   Dewey Decimal Classification       College of Business Education Main Library College of Business Education Main Library General Collection 04/08/2025 106875.00
04/08/2025   650 FER 0000004691 320625.00 04/08/2025 Books   Dewey Decimal Classification       College of Business Education Main Library College of Business Education Main Library General Collection 04/08/2025 106875.00
04/08/2025   650 FER 0000004692 320625.00 04/08/2025 Books   Dewey Decimal Classification       College of Business Education Main Library College of Business Education Main Library General Collection 04/08/2025 106875.00
04/08/2025   650 FER 0000004693 320625.00 04/08/2025 Books   Dewey Decimal Classification       College of Business Education Main Library College of Business Education Main Library General Collection 04/08/2025 106875.00
04/08/2025   650 FER 0000004694 320625.00 04/08/2025 Books   Dewey Decimal Classification       College of Business Education Main Library College of Business Education Main Library General Collection 04/08/2025 106875.00
04/08/2025   650 FER 0000004695 320625.00 04/08/2025 Books   Dewey Decimal Classification       College of Business Education Main Library College of Business Education Main Library General Collection 04/08/2025 106875.00
04/08/2025   650 FER 0000004696 320625.00 04/08/2025 Books   Dewey Decimal Classification       College of Business Education Main Library College of Business Education Main Library General Collection 04/08/2025 106875.00
04/08/2025   650 FER 0000004697 320625.00 04/08/2025 Books   Dewey Decimal Classification       College of Business Education Main Library College of Business Education Main Library General Collection 04/08/2025 106875.00
04/08/2025   650 FER 0000004698 320625.00 04/08/2025 Books   Dewey Decimal Classification       College of Business Education Main Library College of Business Education Main Library General Collection 04/08/2025 106875.00
04/08/2025   650 FER 0000004699 320625.00 04/08/2025 Books   Dewey Decimal Classification       College of Business Education Main Library College of Business Education Main Library General Collection 04/08/2025 106875.00
04/08/2025   650 FER 0000004700 320625.00 04/08/2025 Books   Dewey Decimal Classification       College of Business Education Main Library College of Business Education Main Library General Collection 04/08/2025 106875.00
04/08/2025   650 FER 0000004701 320625.00 04/08/2025 Books   Dewey Decimal Classification       College of Business Education Main Library College of Business Education Main Library General Collection 04/08/2025 106875.00
04/08/2025   650 FER 0000004702 320625.00 04/08/2025 Books   Dewey Decimal Classification       College of Business Education Main Library College of Business Education Main Library General Collection 04/08/2025 106875.00
04/08/2025   650 FER 0000004703 320625.00 04/08/2025 Books   Dewey Decimal Classification       College of Business Education Main Library College of Business Education Main Library General Collection 04/08/2025 106875.00
04/08/2025   650 FER 0000004704 320625.00 04/08/2025 Books   Dewey Decimal Classification       College of Business Education Main Library College of Business Education Main Library General Collection 04/08/2025 106875.00
04/08/2025   650 FER 0000004705 320625.00 04/08/2025 Books   Dewey Decimal Classification       College of Business Education Main Library College of Business Education Main Library General Collection 04/08/2025 106875.00
04/08/2025   650 FER 0000004706 320625.00 04/08/2025 Books   Dewey Decimal Classification       College of Business Education Main Library College of Business Education Main Library General Collection 04/08/2025 106875.00
04/08/2025   650 FER 0000004707 320625.00 04/08/2025 Books   Dewey Decimal Classification       College of Business Education Main Library College of Business Education Main Library General Collection 04/08/2025 106875.00
04/08/2025   650 FER 0000004708 320625.00 04/08/2025 Books   Dewey Decimal Classification       College of Business Education Main Library College of Business Education Main Library General Collection 04/08/2025 106875.00
04/08/2025   650 FER 0000004709 320625.00 04/08/2025 Books   Dewey Decimal Classification       College of Business Education Main Library College of Business Education Main Library General Collection 04/08/2025 106875.00
04/08/2025   650 FER 0000004710 320625.00 04/08/2025 Books   Dewey Decimal Classification       College of Business Education Main Library College of Business Education Main Library General Collection 04/08/2025 106875.00
04/08/2025   650 FER 0000004711 320625.00 04/08/2025 Books   Dewey Decimal Classification       College of Business Education Main Library College of Business Education Main Library General Collection 04/08/2025 106875.00
04/08/2025   650 FER 0000004712 320625.00 04/08/2025 Books   Dewey Decimal Classification       College of Business Education Main Library College of Business Education Main Library General Collection 04/08/2025 106875.00
04/08/2025   650 FER 0000004713 320625.00 04/08/2025 Books   Dewey Decimal Classification       College of Business Education Main Library College of Business Education Main Library General Collection 04/08/2025 106875.00
04/08/2025   650 FER 0000004714 320625.00 04/08/2025 Books   Dewey Decimal Classification       College of Business Education Main Library College of Business Education Main Library General Collection 04/08/2025 106875.00
04/08/2025   650 FER 0000004715 320625.00 04/08/2025 Books   Dewey Decimal Classification       College of Business Education Main Library College of Business Education Main Library General Collection 04/08/2025 106875.00
04/08/2025   650 FER 0000004716 320625.00 04/08/2025 Books   Dewey Decimal Classification       College of Business Education Main Library College of Business Education Main Library General Collection 04/08/2025 106875.00
04/08/2025   650 FER 0000004717 320625.00 04/08/2025 Books   Dewey Decimal Classification       College of Business Education Main Library College of Business Education Main Library General Collection 04/08/2025 106875.00
04/08/2025   650 FER 0000004718 320625.00 04/08/2025 Books   Dewey Decimal Classification       College of Business Education Main Library College of Business Education Main Library General Collection 04/08/2025 106875.00
04/08/2025   650 FER 0000004719 320625.00 04/08/2025 Books   Dewey Decimal Classification       College of Business Education Main Library College of Business Education Main Library General Collection 04/08/2025 106875.00